000 00705nam a2200289Ia 4500
005 20260324143516.0
008 008 260324s9999 xx 000 0 eng d
020 _a9781315801483
037 _aEBOOK
040 _aCRL
040 _beng
040 _cCRL
041 _2eng
041 _aeng
084 _qCRL
100 _aTerry S Trepper; Roger A Straus; Faye Hurvitz
_91215887
245 0 _aMarriage and Family Therapy
245 2 _bA Sociocognitive Approach
260 _bTaylor and Francis
260 _c1991
365 _a
365 _b40.99
856 _uhttp://www.taylorfrancis.com/books/9781315801483
942 _cEBOOK
999 _c1821382
_d1821382